Associez les Pays d'Asie à leur Capitale et Drapeau (Click Quiz) - Statistiques

Statistiques générales
  • Ce quiz a été pris 148 fois
    20 depuis la dernière actualisation
  • Le résultat moyen est 49 sur 96
Statistiques - réponses
Hint Réponse % Correct
Drapeau de la Corée du Sud
93%
Capitale de la Corée du Sud Séoul
93%
Drapeau du Japon
86%
Drapeau du Bhoutan
71%
Drapeau de la Chine
71%
Drapeau de l'île de Chypre
71%
Drapeau du Liban
71%
Drapeau du Népal
71%
Drapeau du Pakistan
71%
Drapeau de la Turquie
71%
Capitale de l'Israël Jérusalem
71%
Capitale du Japon Tokyo
71%
Capitale de la Turquie Ankara
64%
Capitale du Viêt Nam Hanoï
64%
Drapeau de la Géorgie
64%
Drapeau de l'Indonésie
64%
Drapeau de l'Israël
64%
Drapeau de l'Inde
64%
Drapeau du Sri Lanka
64%
Drapeau du Qatar
64%
Drapeau de l'Arabie Saoudite
64%
Drapeau de la Thaïlande
64%
Drapeau du Viêt Nam
64%
Capitale de la Chine Pékin
64%
Capitale de Singapour Singapour
64%
Capitale du Liban Beyrouth
57%
Drapeau de l'Arménie
57%
Drapeau du Bangladesh
57%
Drapeau de la Corée du Nord
57%
Drapeau du Laos
57%
Drapeau de la Birmanie
57%
Drapeau des Philippines
57%
Capitale du Koweït Koweït
57%
Capitale de l'île de Chypre Nicosie
57%
Capitale des Émirats Arabes Unis Abou Dabi
50%
Drapeau des Émirats Arabes Unis
50%
Drapeau de l'Afghanistan
50%
Drapeau de l'Azerbaïdjan
50%
Drapeau du Bahreïn
50%
Drapeau du Brunei
50%
Drapeau de l'Iran
50%
Drapeau de la Jordanie
50%
Drapeau du Kirghizistan
50%
Drapeau du Cambodge
50%
Drapeau du Koweït
50%
Drapeau du Kazakhstan
50%
Drapeau de la Mongolie
50%
Drapeau des Maldives
50%
Drapeau de la Malaisie
50%
Drapeau de Singapour
50%
Drapeau du Timor Oriental
50%
Drapeau du Turkménistan
50%
Drapeau de Taïwan
50%
Capitale du Pakistan Islamabad
50%
Capitales de l'Indonésie Jakarta / Nusantara
50%
Capitale de l'Afghanistan Kaboul
50%
Capitale du Népal Katmandou
50%
Capitale de l'Inde New Delhi
50%
Capitale de la Corée du Nord Pyongyang
50%
Capitale du Sri Lanka Sri Jayawardenapura Kotte
50%
Capitale de la Géorgie Tbilissi
50%
Capitale de la Thaïlande Bangkok
43%
Capitale du Bangladesh Dacca
43%
Capitale du Qatar Doha
43%
Capitale de l'Arménie Erevan
43%
Drapeau de l'Irak
43%
Drapeau de l'Oman
43%
Drapeau de la Syrie
43%
Drapeau du Tadjikistan
43%
Drapeau de l'Ouzbékistan
43%
Drapeau du Yémen
43%
Capitale de la Malaisie Kuala Lumpur
43%
Capitale des Philippines Manille
43%
Capitale de la Birmanie Naypyidaw
43%
Capitale de l'Arabie Saoudite Riyad
43%
Capitale de Taïwan Taipei
43%
Capitale de l'Iran Téhéran
43%
Capitale du Bhoutan Thimphou
43%
Capitale de l'Irak Bagdad
36%
Capitale du Kirghizistan Bichkek
36%
Capitale de la Syrie Damas
36%
Capitale des Maldives Malé
36%
Capitale de l'Oman Mascate
36%
Capitale de la Mongolie Oulan-Bator
36%
Capitale du Cambodge Phnom Penh
36%
Capitale du Yémen Sanaa
36%
Capitale de l'Ouzbékistan Tachkent
36%
Capitale de la Jordanie Amman
29%
Capitale du Kazakhstan Astana
29%
Capitale de l'Azerbaïdjan Bakou
29%
Capitale du Brunei Bandar Seri Begawan
29%
Capitale du Timor Oriental Dili
29%
Capitale du Turkménistan Achgabat
21%
Capitale du Tadjikistan Douchanbé
21%
Capitale du Bahreïn Manama
21%
Capitale du Laos Vientiane
21%
Aucun quiz correspondant
Distribution des résultats
% des personnes avec chaque résultat
Percentile par nombre de réponses
Votre historique - résultats
Vous n’avez pas pris ce quiz depuis la dernière actualisation